The effects of compaction of different golf green soil mixtures on plant growth.

Bibliographic Details
Main Author: Kunze, R. J.
Format: Thesis eBook
Language:English
Published: [College Station, Tex.], [publisher not identified] ; 1956.
Subjects:
Online Access:Link to OAKTrust copy

MARC

Tag First Indicator Second Indicator Subfields
LEADER 00000cam a22000005 4500
001 in00000154749
005 20220103134515.0
007 cr unu a
008 800205s1956 txua 00000 eng d
035 |9 AAS1442AM 
035 |a (OCoLC)05952415 
040 |c TXA  |d UtOrBLW 
049 |a TXAZ [Cop.1 in] [Archives]  |c 1 [279195]  |c 2 [279196] 
099 |a 1956  |a Thesis  |a K96 
100 1 |a Kunze, R. J. 
245 1 4 |a The effects of compaction of different golf green soil mixtures on plant growth. 
264 1 |a [College Station, Tex.],  |b [publisher not identified] ;  |c 1956. 
300 |a 75 :  |b illustrations 
336 |a text  |b txt  |2 rdacontent 
337 |a computer  |b c  |2 rdamedia 
338 |a online resource  |b cr  |2 rdacarrier 
500 |a Multilith process. 
502 |b M.S. in Agronomy  |c A. & M. College of Texas. 
530 |a Also available online. 
650 4 |a Major agronomy. 
856 4 1 |u https://hdl.handle.net/1969.1/ETD-TAMU-1956-THESIS-K96  |z Link to OAKTrust copy  |t 0 
999 |a MARS 
999 f f |s 48b1f15c-a4ff-3560-9f26-9fa7d7809593  |i 5aecb0b5-290c-3a50-b682-628da115cb57  |t 0 
952 f f |p noncirc  |a Texas A&M University  |b J.J. Pickle Campus  |c High Density Repository  |s HDR  |d Remote Storage  |t 0  |e 1956 Thesis K96  |h Other scheme  |i computer -- online resource  |m A14840882384 
952 f f |a Texas A&M University  |b College Station  |c Electronic Resources  |s www_evans  |d Available Online  |t 0  |e 1956 Thesis K96  |h Other scheme 
998 f f |a 1956 Thesis K96  |t 0  |l Remote Storage 
998 f f |a 1956 Thesis K96  |t 0  |l Available Online